Normal view
MARC view
Entry Personal Name
001 - CONTROL NUMBER
- control field: 15395
003 - CONTROL NUMBER IDENTIFIER
- control field: BD-RjUL
005 - DATE AND TIME OF LATEST TRANSACTION
- control field: 20250505123541.0
008 - FIXED-LENGTH DATA ELEMENTS
- fixed length control field: 250505|| aca||aabn | a|a d
040 ## - CATALOGING SOURCE
- Original cataloging agency: BD-RjUL
- Transcribing agency: BD-RjUL
100 ## - HEADING--PERSONAL NAME
- Personal name: Bapat, P. V.
- Fuller form of name: (Purushottam Vishvanath)
670 ## - SOURCE DATA FOUND
- Source citation: Work cat.: (BD-RjUL)32534: 2500 years of Buddhism /, 1956, 1959